000 00761cam a2200241 4500500
005 20260405004119.0
041 _afre
042 _adc
100 1 0 _aLarmagnac-Matheron, Octave
_eauthor
245 0 0 _a“Précieux déchets” : l’avenir au rebut
260 _c2024.
500 _a11
690 _aDéchets
690 _aÉcologie
690 _aExposition
690 _aFrançois Dagognet
690 _aGaspillage
690 _aMatière
690 _aPoubelle
690 _aSociété de consommation
786 0 _nPhilosophie magazine - Hors séries | Hors série - Hiver 2024 | HS60 | 2024-01-01 | p. 59-63 | 2104-9246
856 4 1 _uhttps://shs.cairn.info/magazine-philosophie-magazine-2024-hs60-page-59?lang=fr&redirect-ssocas=7080
999 _c2073837
_d2073837